000 00185 a2200097 4500
020 _a9780028643069
041 _aspa
100 _aANNE P. MARK
245 _aLACTANCIA MATERNA
942 _cBK
999 _c4151
_d4151